| 000 | 00426nam a2200157Ia 4500 | ||
|---|---|---|---|
| 008 | 151213s9999 xx 000 0 und d | ||
| 100 | _aBetty Scharampfer Azar | ||
| 245 |
_aUnderstanding and Using English Crammer _cBetty Scharampfer Azar |
||
| 250 | _a3rd | ||
| 260 |
_aNew York _bLong man _c1999 |
||
| 300 | _a6898 p. | ||
| 650 | _aEnglish | ||
| 650 | _aEnglish Crammer | ||
| 700 | _aBetty Scharampfer Azar | ||
| 999 |
_c3703 _d3703 |
||